000 00808nam a2200265 i 4500
001 bg
100 1 _aGraczyńska, Ewa.
245 1 0 _aM-solid quasivarieties /
_cEwa Wanda Graczyńska.
260 _aOpole :
_bOficyna Wydawnicza Politechniki Opolskiej,
_c2007.
300 _a166, [2] s. :
_bil., err. ;
_c24 cm.
490 1 _aStudia i Monografie / Politechnika Opolska,
_x1429-6063 ;
_vz. 207
504 _aBibliogr. s. 151-163. Indeks.
546 _aStreszcz. niem., pol.
650 9 _aAlgebra
830 0 _aStudia i Monografie - Politechnika Opolska
_vz. 206
015 _aPB 5155/2008
020 _a9788360691236
040 _cBPK
041 0 _aeng
_bger
_bpol
044 _aPOL
080 _a512.5
920 _a978-83-60691-23-6
942 _cKS
008 071123s2007 pl a f f |001 0 eng
999 _c55322
_d55322
856 _uhttp://koha.tu.koszalin.pl/cgi-bin/koha/opac-detail.pl?biblionumber=55322
_yKatalog online BPK